000 00773nam a2200289Ia 4500
001 2848
003 IT-RoPAU
008 130308s9999 xx 000 0 und d
040 _aIT-RoPAU
040 _cIT-RoPAU
041 _aITALIANO
100 _aGarzoni da Bagnacavallo Tomaso
100 _gCodice Aut. SPICS: 6244
245 _aDe' formatori di spettacoli in genere, e de' ceretani o ciur
245 _bClowns (I)
250 _a1a ed.
260 _aBOLOGNA
260 _bCappelli
260 _c1970 [1° Ed.:1970 - Ed.Ling.Originale:1970]
300 _a"8 p. (prefazione: no ; testo: 8 [pagine: 188-195])"
650 _aAUTORI/OPERE DEL CINEMA
650 _eCodice materia Spics: 6807
942 _cBK
957 _71
999 _c52604
_d52604
999 _bSI
999 _g1